Corrupcin̤ y desafo̕s en las compras gubernamentales el caso de Pemex /

Detalles Bibliográficos
Autor principal: Colmenares, Francisco
Formato: eBook
Lenguaje:español
Publicado: Mx̌ico D.F.: Plaza Valdš Editores, 2010
Materias:
Acceso en línea:Acceso restringido

MARC

LEADER 00000nam a22000007a 4500
005 2013091303383.0
007 cr|||| ||||
008 130913s2010 mx |||||s|||||00| 0 spa d
020 |a 978-607-402-224-7 
035 |a 11469 
040 |a vLex 
090 |c 4484  |d 4484 
100 1 |a Colmenares, Francisco 
245 1 0 |a Corrupcin̤ y desafo̕s en las compras gubernamentales  |h [Recurso electrn̤ico] :  |b el caso de Pemex /  |c Francisco Colmenares 
256 |a Servicio en ln̕ea 
260 |a Mx̌ico D.F.:  |b Plaza Valdš Editores,  |c 2010 
300 |a 1 recurso electrn̤ico 
506 |a Contenido disponible en los productos indicados  |d vLex Global  |d vLex Global (Academic Edition, excluding Law Schools)  |d vLex Global (U.S. Academic Edition, Law Schools)  |d vLex Global (U.S. Academic Edition, excluding Law Schools)  |d vLex Global (Academic Edition, Law Schools) 
650 0 4 |a Corrupcin̤ administrativa  |z Mx̌ico 
740 0 |a vLex Libros (Servicio en ln̕ea)  
856 4 0 |u http://vlex.com/source/corrupcion-desafios-compras-gubernamentales-caso-pemex-11469  |z Acceso restringido 
942 |c BOOK 
999 0 |a Public administration - Corrupt practices